000 00637nam a2200241 i 4500
001 C2-0077821
003 PPAK
005 20180727082836.0
008 970429s1981 enka|||| ||||| | eng d
020 _a0714821772
040 _aPPAK
_beng
_cPPAK
_erda
082 0 4 _a786
_223
090 0 0 _a786
_bUNG
_dG
090 0 0 _a786
_bUNG
_dR
100 1 _aUnger-Hamilton, Clive,
_eauthor
245 1 0 _aKeyboard instruments
264 1 _aOxford :
_bPhaidon Press ,
_c1981
300 _a124 pages :
_billustrations ;
_c27 cm
336 _2rdacontent
_atext
337 _2rdamedia
_aunmediated
338 _2rdacarrier
_avolume
942 _ddc
_cB
999 _c12715
_d12715